Le roi des aulnes

Guardado en:
Bibliografiske detaljer
Hovedforfatter: Tounier, Michel
Format: Bog
Sprog:Undetermined
Udgivet: París, Francia Gallimard 1970
Fag:
Tags: Tilføj Tag
Ingen Tags, Vær først til at tagge denne postø!

MARC

LEADER 00000nam a2200000Ia 4500
008 170316s9999 xx 000 0 und d
040 |a cru BVZT 
090 |a 840 T-4r 
100 |a Tounier, Michel 
245 |a Le roi des aulnes 
260 |a París, Francia 
260 |b Gallimard 
260 |c 1970 
300 |a 395 páginas 
650 |a LITERATURA FRANCESA 
999 |c 8030  |d 8030 
942 |c 15 D  |h 840 T-4r  |2 z